| 000 | 01253cam a2200217 4500 | ||
|---|---|---|---|
| 001 | WB@3612-303 | ||
| 008 | 041116n2004 000 0 eng u | ||
| 035 | _a(Sirsi) u127989 | ||
| 245 | _aSustainable or not? | ||
| 260 | _c2004 | ||
| 490 |
_aPlanning (for the Natural and Built Environment) _v12 November 2004 (1) |
||
| 520 | _a"The sustainable development strategy: illusion or reality?" has been published by the Environmental Audit Committee. It claims that the government's sustainable development strategy has failed to prioritise the environment over economic growth. The committee warned that the language of sustainable development will be debased if the government continues to use the word sustainable indiscriminately attached to words like transport, communities and growth. The report recommends that responsibilities for energy policy, transport and the environment, should be brought together in a single department. The full report can be accessed from: http://www.publications.parliament.uk/pa/cm/cmenva ud.htm. | ||
| 590 | _aWB | ||
| 590 | _aWB | ||
| 650 | _aSUSTAINABLE DEVELOPMENT | ||
| 650 | _aTRANSPORT POLICY | ||
| 650 |
_aENERGY _96237 |
||
| 650 |
_aENVIRONMENT _96238 |
||
| 690 |
_aENVIRONMENT _96238 |
||
| 942 | _n0 | ||
| 999 |
_c118306 _d118306 |
||